Municipios de Cesar - Map Quiz - Estadísticas

Estadísticas generales
  • Esta prueba ha sido intentada 784 veces
  • La puntuación promedio es 17 de 25
Respuestas en el mapa
Las respuestas están codificadas por una escala verde-roja en el mapa de la prueba según el % correcto abajo.
 
Estadísticas de respuestas
Respuesta % Correcto
VALLEDUPAR
99%
AGUACHICA
89%
BOSCONIA
83%
SAN ALBERTO
78%
LA PAZ
76%
AGUSTIN CODAZZI
75%
BECERRIL
72%
LA JAGUA DE IBIRICO
72%
SAN MARTIN
71%
CHIRIGUANA
70%
MANAURE
70%
PAILITAS
69%
SAN DIEGO
69%
CHIMICHAGUA
68%
TAMALAMEQUE
67%
CURUMANI
66%
GAMARRA
64%
EL COPEY
63%
PELAYA
61%
EL PASO
59%
PUEBLO BELLO
59%
RIO DE ORO
58%
ASTREA
57%
LA GLORIA
57%
GONZALEZ
54%
No se encontraron pruebas coincidentes
Distribución de puntuación
Porcentaje de gente con cada puntuación
Porcentaje por número respondido
Historial de tus puntuaciones
No has intentado esta prueba.